[Event "Florianopolis op 8th"]
[Site "Florianopolis"]
[Date "2022.01.26"]
[Round "4"]
[White "Marcolino, Alex Vitor De Maman"]
[Black "Mees, Gabriel Ferreira"]
[Result "0-1"]
[WhiteElo "1341"]
[BlackElo "1796"]
[PlyCount "88"]
[EventDate "2022.01.24"]
[EventType "swiss"]
[EventRounds "10"]
[EventCountry "BRA"]
[SourceTitle "EXT 2023"]
[Source "ChessBase"]
[SourceDate "2022.10.05"]
[SourceVersion "1"]
[SourceVersionDate "2022.10.05"]
[SourceQuality "1"]

1. e4 c5 2. Nc3 Nc6 3. g3 g6 4. Bg2 Bg7 5. d3 d6 6. f4 h5 7. Nf3 Nd4 8. h3 Bd7 9. Rb1 Qc8 10. Be3 e5 11. Nd5 Nf6 12. Nxf6+ Bxf6 13. c3 Nc6 14. Ng5 Qd8 15. Qf3 exf4 16. gxf4 Bxg5 17. fxg5 Ne5 18. Qe2 Bb5 19. c4 Qa5+ 20. Kf2 Bd7 21. a3 0-0 22. Bf4 Rae8 23. Kg3 b5 24. Rhf1 Be6 25. Bxe5 dxe5 26. h4 Rd8 27. Bh3 Bxh3 28. Kxh3 bxc4 29. dxc4 Rd2 30. Qf3 Qb6 31. Rf2 Qe6+ 32. Kg3 Rfd8 33. Rxd2 Rxd2 34. b3 Qd7 35. Re1 Rd3 36. Re3 Rxe3 37. Qxe3 Qg4+ 38. Kf2 Qxh4+ 39. Ke2 Qg4+ 40. Kf2 Qh4+ 41. Ke2 Qg4+ 42. Kf2 h4 43. Qxc5 h3 44. Qxa7 Qg2+ 0-1

[Event "Florianopolis op 8th"]
[Site "Florianopolis"]
[Date "2022.01.25"]
[Round "3"]
[White "Da Silva, Lucas Pereira Mende"]
[Black "Marcolino, Alex Vitor De Maman"]
[Result "1/2-1/2"]
[WhiteElo "1821"]
[BlackElo "1341"]
[PlyCount "94"]
[EventDate "2022.01.24"]
[EventType "swiss"]
[EventRounds "10"]
[EventCountry "BRA"]
[SourceTitle "EXT 2023"]
[Source "ChessBase"]
[SourceDate "2022.10.05"]
[SourceVersion "1"]
[SourceVersionDate "2022.10.05"]
[SourceQuality "1"]

1. e4 e6 2. d4 d5 3. Nc3 Nf6 4. Bg5 Be7 5. e5 Nfd7 6. Bxe7 Qxe7 7. f4 a6 8. Nf3 c5 9. dxc5 Nc6 10. Qd2 Nxc5 11. 0-0-0 b5 12. Bd3 Bd7 13. Rhe1 b4 14. Ne2 a5 15. Ned4 a4 16. Kb1 Na5 17. Qxb4 0-0 18. f5 Rfb8 19. Qc3 Nxd3 20. cxd3 exf5 21. e6 fxe6 22. Nxf5 Qf6 23. N5d4 Nc6 24. Ka1 a3 25. b3 Nxd4 26. Qxd4 Qxd4+ 27. Nxd4 Re8 28. Nf3 Rac8 29. Rd2 Rc3 30. Kb1 Bb5 31. Ne5 Rec8 32. Red1 Kf8 33. d4 Ke7 34. Nd3 Bxd3+ 35. Rxd3 Rc2 36. R3d2 R2c3 37. Re2 Kd6 38. Rde1 Re8 39. Re3 Rxe3 40. Rxe3 Rf8 41. Re2 Rf4 42. Rd2 Kc6 43. Kc2 Kb5 44. Kd3 Kb4 45. Rc2 Rf1 46. Rc8 Rd1+ 47. Ke3 Ra1 1/2-1/2

[Event "Goiania Barbosa Nunes Cup 1st"]
[Site "Goiania"]
[Date "2021.10.16"]
[Round "4"]
[White "Ferraz, Michel Liah"]
[Black "Marcolino, Alex Vitor De Maman"]
[Result "1-0"]
[WhiteElo "1946"]
[BlackElo "1279"]
[PlyCount "154"]
[EventDate "2021.10.15"]
[EventType "swiss"]
[EventRounds "6"]
[EventCountry "BRA"]
[SourceTitle "EXT 2023"]
[Source "ChessBase"]
[SourceDate "2022.10.05"]
[SourceVersion "1"]
[SourceVersionDate "2022.10.05"]
[SourceQuality "1"]

1. d4 Nf6 2. c4 g6 3. Nc3 Bg7 4. Nf3 d6 5. Bg5 h6 6. Bh4 0-0 7. e3 c5 8. d5 a5 9. Bd3 Na6 10. h3 Bd7 11. 0-0 Nc7 12. e4 e6 13. Re1 Rb8 14. dxe6 Bxe6 15. Qc2 Qc8 16. Bg3 Rd8 17. Rad1 Nh5 18. Bh2 Bxh3 19. gxh3 Qxh3 20. Re3 Qg4+ 21. Kh1 Bd4 22. Rg1 Qe6 23. Ree1 Qh3 24. Nxd4 cxd4 25. Bf1 Qh4 26. Nd5 Nxd5 27. exd5 Nf6 28. Bd3 Ng4 29. Rg2 Re8 30. Reg1 Ne5 31. Rg3 Nxd3 32. Qxd3 Qe4+ 33. Qxe4 Rxe4 34. Rb3 d3 35. c5 Rd4 36. Bxd6 Re8 37. Rd1 d2 38. Rg3 Rxd5 39. Bf4 Re1+ 40. Rg1 Rxg1+ 41. Kxg1 g5 42. Be3 f5 43. Rxd2 Rxd2 44. Bxd2 a4 45. Kg2 Kf7 46. Bc3 Ke6 47. b3 Kd5 48. Bb4 axb3 49. axb3 h5 50. Kh3 f4 51. Ba3 Kd4 52. Kg2 g4 53. b4 Kc4 54. Kf1 Kb5 55. Ke2 Ka4 56. f3 Kb5 57. fxg4 hxg4 58. Kd3 g3 59. Ke2 Kc4 60. Kf3 Kb5 61. Bb2 Kc4 62. Be5 Kb5 63. Bd4 Kc4 64. Bg1 Kd5 65. Kxf4 g2 66. Kf3 Ke5 67. Kxg2 Ke4 68. Kf2 Ke5 69. Ke3 Kd5 70. Kf4 Ke6 71. Ke4 Kd7 72. Kd5 Kd8 73. Bh2 Kd7 74. Bd6 Kc8 75. Kc4 Kd8 76. Kb5 Kd7 77. Kb6 Kc8 1-0

[Event "Goiania Barbosa Nunes Cup 1st"]
[Site "Goiania"]
[Date "2021.10.16"]
[Round "3"]
[White "Marcolino, Alex Vitor De Maman"]
[Black "Da Cruz, Emerson"]
[Result "1-0"]
[WhiteElo "1279"]
[BlackElo "1623"]
[PlyCount "69"]
[EventDate "2021.10.15"]
[EventType "swiss"]
[EventRounds "6"]
[EventCountry "BRA"]
[SourceTitle "EXT 2023"]
[Source "ChessBase"]
[SourceDate "2022.10.05"]
[SourceVersion "1"]
[SourceVersionDate "2022.10.05"]
[SourceQuality "1"]

1. e4 c5 2. Nf3 Nc6 3. d4 cxd4 4. Nxd4 Nf6 5. Nc3 e5 6. Ndb5 d6 7. Bg5 a6 8. Na3 Be7 9. Bxf6 Bxf6 10. Nd5 Bg5 11. c3 0-0 12. Nc4 b5 13. Ndb6 bxc4 14. Nxa8 Be6 15. Qa4 Qxa8 16. Bxc4 Bxc4 17. Qxc4 Qb7 18. 0-0 Qb5 19. Qxb5 axb5 20. Rfd1 Rd8 21. Rd5 b4 22. cxb4 Nxb4 23. Rb5 Nd3 24. b4 Ra8 25. a4 Kf8 26. a5 Ke8 27. Rd1 Nxb4 28. Rxb4 Rxa5 29. g3 Ra6 30. Rb7 Bd8 31. Rc1 Rb6 32. Ra7 Rb5 33. Rc8 Rc5 34. Raa8 Rc7 35. Rxc7 1-0

[Event "Goiania Xeque Mate U2200 op 6th"]
[Site "Goiania"]
[Date "2019.06.29"]
[Round "1"]
[White "De Siqueira, Luigy Lira"]
[Black "Marcolino, Alex Vitor De Maman"]
[Result "1-0"]
[WhiteElo "1784"]
[BlackElo "1277"]
[PlyCount "39"]
[EventDate "2019.06.29"]
[EventType "swiss"]
[EventRounds "5"]
[EventCountry "BRA"]
[SourceTitle "CBM 192 Extra"]
[Source "Chessbase"]
[SourceDate "2019.11.06"]
[SourceVersion "1"]
[SourceVersionDate "2019.11.06"]
[SourceQuality "1"]

1. e4 e5 2. Nf3 Nc6 3. d4 exd4 4. Bc4 Nf6 5. e5 d5 6. Bb5 Ng4 7. 0-0 a6 8. Bxc6+ bxc6 9. Nxd4 Nxe5 10. Re1 Qf6 11. f4 Bd6 12. fxe5 Bxe5 13. Nf3 Bg4 14. Qe2 0-0 15. Qxe5 Qxe5 16. Nxe5 Rfe8 17. Bd2 Bf5 18. Nxc6 Rxe1+ 19. Bxe1 Re8 20. Nc3 1-0

[Event "BRA-ch sf1"]
[Site "Brasilia"]
[Date "2019.06.08"]
[Round "3"]
[White "Passos, Rafael Moreira"]
[Black "Marcolino, Alex Vitor De Maman"]
[Result "1-0"]
[WhiteElo "1822"]
[BlackElo "1789"]
[PlyCount "151"]
[EventDate "2019.06.07"]
[EventType "swiss"]
[EventRounds "5"]
[EventCountry "BRA"]
[SourceTitle "CBM 190 Extra"]
[Source "ChessBase"]
[SourceDate "2019.07.15"]
[SourceVersion "1"]
[SourceVersionDate "2019.07.15"]
[SourceQuality "1"]

1. d4 d5 2. c4 e6 3. Nf3 Nc6 4. Nc3 Nf6 5. Bg5 Be7 6. e3 h6 7. Bh4 0-0 8. Bd3 Bd7 9. cxd5 Nxd5 10. Bxe7 Qxe7 11. e4 Nxc3 12. bxc3 e5 13. 0-0 Qf6 14. d5 Ne7 15. Rb1 Rab8 16. Qc2 Bg4 17. Be2 Rfd8 18. c4 c6 19. Ne1 Bxe2 20. Qxe2 cxd5 21. cxd5 Qg6 22. Nd3 Qf6 23. Rfc1 Qd6 24. Rb3 b6 25. Qb2 Ng6 26. Nb4 Rb7 27. Rc6 Qf8 28. Rbc3 Qe8 29. g3 a5 30. Nd3 Rdb8 31. Qc2 Kh7 32. Rc7 Rxc7 33. Rxc7 f6 34. Qc6 Qxc6 35. dxc6 Rd8 36. Rd7 Rc8 37. c7 h5 38. Nb2 b5 39. Nd3 b4 40. Kf1 h4 41. Nc5 Nf8 42. Re7 Ng6 43. Rd7 Nf8 44. Re7 Ng6 45. Rf7 Kg8 46. Rd7 Nf8 47. Rd8 Rxc7 48. Ne6 Rf7 49. Ke2 hxg3 50. hxg3 a4 51. Kd3 b3 52. axb3 a3 53. Ra8 a2 54. Nxf8 Rxf8 55. Rxa2 Rb8 56. Rb2 Kh7 57. b4 Kh6 58. b5 Kg5 59. b6 Kg4 60. b7 Kf3 61. Kc4 Kxe4 62. Kc5 Rxb7 63. Rxb7 g5 64. Rb6 f5 65. Kd6 f4 66. Rb5 fxg3 67. fxg3 g4 68. Rb3 Kf5 69. Re3 e4 70. Kd5 Kg5 71. Ke5 Kg6 72. Rxe4 Kg5 73. Ra4 Kh5 74. Ra8 Kg5 75. Rg8+ Kh5 76. Kf6 1-0

[Event "Brasilia LBX Cup 05"]
[Site "Brasilia"]
[Date "2019.05.19"]
[Round "5"]
[White "Marcolino, Alex Vitor De Maman"]
[Black "Xavier, Kayo Henrique Campo"]
[Result "1-0"]
[WhiteElo "1815"]
[BlackElo "1755"]
[PlyCount "111"]
[EventDate "2019.05.16"]
[EventType "swiss"]
[EventRounds "6"]
[EventCountry "BRA"]
[SourceTitle "CBM 190 Extra"]
[Source "ChessBase"]
[SourceDate "2019.07.15"]
[SourceVersion "1"]
[SourceVersionDate "2019.07.15"]
[SourceQuality "1"]

1. e4 c5 2. Nf3 Nc6 3. d4 cxd4 4. Nxd4 a6 5. Nc3 e6 6. Nxc6 bxc6 7. e5 d6 8. Bf4 d5 9. Qf3 h6 10. h4 h5 11. 0-0-0 Rb8 12. Bd3 Qb6 13. Na4 Qb4 14. b3 Qa3+ 15. Kb1 Qxa4 16. g4 Bd7 17. gxh5 Ba3 18. Be2 Rb4 19. Ka1 Qa5 20. Bd2 Qc5 21. Bxb4 Bxb4 22. Kb1 Bc3 23. Qe3 d4 24. Qc1 Qxe5 25. Bxa6 Rxh5 26. Qa3 Qa5 27. Qxa5 Bxa5 28. Rxd4 Bb6 29. Rd2 Rf5 30. Rhd1 Rd5 31. Rxd5 exd5 32. f3 Bd8 33. Re1+ Kf8 34. h5 Nf6 35. Rh1 Kg8 36. Bd3 c5 37. c4 d4 38. a4 Bc6 39. Be2 Ng4 40. Kc2 Ne3+ 41. Kd3 Bg5 42. Ra1 Bd7 43. a5 Bf5+ 44. Kd2 Nc2+ 45. Kd1 Nxa1 46. a6 Bc8 47. a7 Bb7 48. Ke1 Nxb3 49. Kf2 Na5 50. f4 Bxf4 51. Bf3 Bxf3 52. Kxf3 d3 53. a8Q+ Kh7 54. Qxa5 d2 55. Qa1 Be5 56. Qd1 1-0

[Event "Brasilia LBX Cup 05"]
[Site "Brasilia"]
[Date "2019.05.16"]
[Round "1"]
[White "Marcolino, Alex Vitor De Maman"]
[Black "Do Nascimento, Pedro Henrique Alve"]
[Result "0-1"]
[WhiteElo "1815"]
[BlackElo "1901"]
[PlyCount "56"]
[EventDate "2019.05.16"]
[EventType "swiss"]
[EventRounds "6"]
[EventCountry "BRA"]
[SourceTitle "CBM 190 Extra"]
[Source "ChessBase"]
[SourceDate "2019.07.15"]
[SourceVersion "1"]
[SourceVersionDate "2019.07.15"]
[SourceQuality "1"]

1. e4 e6 2. d4 d5 3. e5 c5 4. c3 Nc6 5. Nf3 Bd7 6. Be2 Nge7 7. 0-0 Nf5 8. Qd2 h5 9. Qc2 cxd4 10. Bd3 Nh4 11. Nxd4 Nxe5 12. Re1 Nxd3 13. Qxd3 Qf6 14. Qg3 Nf5 15. Nxf5 Qxf5 16. Re5 Qf6 17. Bg5 Qg6 18. Qe3 Bc6 19. Bh4 Bd6 20. Rg5 Qc2 21. Nd2 Be7 22. Rxg7 Bxh4 23. Qf4 0-0-0 24. Qxh4 Qxd2 25. Rb1 d4 26. cxd4 Rxd4 27. Qxd4 Qxd4 28. Rxf7 Qe4 0-1